Everyday mathematics EM games : Early childhood

Spremljeno u:
Bibliografski detalji
Format: Knjiga
Jezik:Undetermined
Izdano: New York McGraw-Hill 2005
Teme:
Oznake: Dodaj oznaku
Bez oznaka, Budi prvi tko označuje ovaj zapis!
Thư viện lưu trữ: Trung tâm Học liệu Trường Đại học Cần Thơ
LEADER 00473nam a2200181Ia 4500
001 CTU_103738
008 210402s9999 xx 000 0 und d
020 |c 37.80 
082 |a 519.7 
082 |b E93 
245 0 |a Everyday mathematics EM games : 
245 0 |b Early childhood 
260 |a New York 
260 |b McGraw-Hill 
260 |c 2005 
650 |a Programming ( mathematics ) 
904 |i Tuyến 
980 |a Trung tâm Học liệu Trường Đại học Cần Thơ